Pikmin 4 - Tous les Personnages - Statistiques

Statistiques générales
  • Ce quiz a été pris 67 fois
    65 depuis la dernière actualisation
  • Le résultat moyen est 22 sur 53
Statistiques - réponses
Par images Réponse % Correct
Olimar
100%
Louie
76%
Otchin
71%
Collin
62%
Moss
62%
Russ
57%
Shepherd
57%
Bernard
52%
Dalmo
48%
François
48%
Nelle
48%
Pitunia
48%
Schnoz
48%
Wally
48%
Yonny
48%
Chet
43%
Corgwin
43%
Don Bergman
43%
Kanish
43%
Kinoï
43%
Mika
43%
Sage Feuillu
43%
Twyla
43%
Yorke
43%
Bordo
38%
Grace
38%
Jin
38%
Kaia
38%
Tex
38%
Toss
38%
Bernise
33%
Bichon
33%
Boris
33%
Carline
33%
Chowder
33%
Hush
33%
Kamanda
33%
Keesh
33%
Kit
33%
Lévry
33%
Molly
33%
Patou
33%
Renaud
33%
Sammy
33%
Sheeba
33%
Spitz
33%
Vonda
33%
Alpin
29%
Chiwa
29%
Lapso
29%
Matin
29%
Santi
29%
Fawks
24%
Aucun quiz correspondant
Distribution des résultats
% des personnes avec chaque résultat
Percentile par nombre de réponses
Votre historique - résultats
Vous n’avez pas pris ce quiz depuis la dernière actualisation